Mastering network security / (Record no. 186062)

MARC details
000 -LEADER
fixed length control field 00726nam a2200241Ia 4500
003 - CONTROL NUMBER IDENTIFIER
control field OSt
005 - DATE AND TIME OF LATEST TRANSACTION
control field 20251030123915.0
008 - FIXED-LENGTH DATA ELEMENTS--GENERAL INFORMATION
fixed length control field 210716s2003 xx 000 0 und d
020 ## - INTERNATIONAL STANDARD BOOK NUMBER
International Standard Book Number 8176567396
040 ## - CATALOGING SOURCE
Transcribing agency AIMIT LIBRARY
041 ## - LANGUAGE CODE
Language code of text/sound track or separate title eng
082 ## - DEWEY DECIMAL CLASSIFICATION NUMBER
Classification number 005.8
Edition number 2
Item number BREC
100 ## - MAIN ENTRY--PERSONAL NAME
Personal name Brenton, Chris.
9 (RLIN) 243244
245 ## - TITLE STATEMENT
Title Mastering network security /
Statement of responsibility, etc. By Chris Brenton and Cameron Hunt.
250 ## - EDITION STATEMENT
Edition statement 2nd ed.
260 ## - PUBLICATION, DISTRIBUTION, ETC.
Place of publication, distribution, etc. New Delhi :
Name of publisher, distributor, etc. BPB Publications ,
Date of publication, distribution, etc. 2003.
300 ## - PHYSICAL DESCRIPTION
Extent xvi,490p. ;
Other physical details PB
Dimensions 24.1 cm
650 ## - SUBJECT ADDED ENTRY--TOPICAL TERM
Topical term or geographic name entry element Topology security
9 (RLIN) 243245
650 ## - SUBJECT ADDED ENTRY--TOPICAL TERM
Topical term or geographic name entry element Intrusion detection system
9 (RLIN) 243246
650 ## - SUBJECT ADDED ENTRY--TOPICAL TERM
Topical term or geographic name entry element The anatomy of an attack
9 (RLIN) 243247
700 ## - ADDED ENTRY--PERSONAL NAME
Personal name Hunt, Cameron.
9 (RLIN) 243248
942 ## - ADDED ENTRY ELEMENTS (KOHA)
Source of classification or shelving scheme Dewey Decimal Classification
Koha item type Book
Edition 2nd
Call number prefix 005.8 BREC
Holdings
Withdrawn status Lost status Source of classification or shelving scheme Damaged status Not for loan Collection code Home library Current library Source of acquisition Cost, normal purchase price Inventory number Total Checkouts Full call number Barcode Date last seen Cost, replacement price Price effective from Koha item type
    Dewey Decimal Classification     MCA St Aloysius Institute of Management & Information Technology St Aloysius Institute of Management & Information Technology Book World 225.00 Bill no:2629; Bill dt:2004-01-27   005.8 BREC MCA05570 05/23/2026 191.25 07/16/2021 Book